Catálogo
 En Linea

Dinámica de grupos : (Registro nro. 25278)

Detalles MARC
000 -CABECERA
campo de control de longitud fija 00949nam a2200265 a 4500
001 - NÚMERO DE CONTROL
campo de control 000025786
003 - IDENTIFICADOR DEL NÚMERO DE CONTROL
campo de control DO-SdBNP
005 - FECHA Y HORA DE LA ÚLTIMA TRANSACCIÓN
campo de control 20250409124049.0
008 - DATOS DE LONGITUD FIJA--INFORMACIÓN GENERAL
campo de control de longitud fija 110222s1969 sp r 000 0 spa d
040 ## - FUENTE DE LA CATALOGACIÓN
Centro catalogador/agencia de origen DO-SdBNP
Lengua de catalogación spa
Centro/agencia transcriptor BNPHU
041 17 - CÓDIGO DE LENGUA
Código de lengua del texto/banda sonora o título independiente spa
Código de lengua original eng
Fuente del código Código de idioma MARC
049 ## - FONDOS LOCALES (OCLC)
Fondos de biblioteca BNGR
082 ## - NÚMERO DE LA CLASIFICACIÓN DECIMAL DEWEY
Número de clasificación NNN
Número de documento/Ítem A896d
100 1# - ENTRADA PRINCIPAL--NOMBRE DE PERSONA
Nombre de persona Aubry, Jean-Marie
Fechas asociadas al nombre 1928-
9 (RLIN) 52591
240 10 - TÍTULO UNIFORME
Título uniforme Dinamyque des groupes.
Lenguaje de la obra Español.
245 10 - MENCIÓN DE TÍTULO
Título Dinámica de grupos :
Resto del título iniciación a su espíritu y a algunas de sus técnicas /
Mención de responsabilidad, etc. Jean Marie Aubry, Yves Saint-Arnaud ; traducción de Luis Pérez Martínez.
260 ## - PUBLICACIÓN, DISTRIBUCIÓN, ETC.
Lugar de publicación, distribución, etc. Madrid :
Nombre del editor, distribuidor, etc. Euramérica,
Fecha de publicación, distribución, etc. 1969.
300 ## - DESCRIPCIÓN FÍSICA
Extensión 100, [4] p. :
Otras características físicas il., diagrs. ;
Dimensiones 18 cm.
490 1# - MENCIÓN DE SERIE
Mención de serie Desarrollo social
Designación de volumen o secuencia 3
504 ## - NOTA DE BIBLIOGRAFÍA, ETC.
Nota de bibliografía, etc. Incluye bibliografía (p. 93-99)
534 ## - NOTA SOBRE LA VERSIÓN ORIGINAL
Encabezamiento principal del original Título original:
Mención de título del original Dinamyque des groupes.
700 1# - PUNTO DE ACCESO ADICIONAL--NOMBRE DE PERSONA
Nombre de persona Saint-Arnaud, Yves
9 (RLIN) 52592
700 1# - PUNTO DE ACCESO ADICIONAL--NOMBRE DE PERSONA
Nombre de persona Pérez Martínez, Luis
Término indicativo de función/relación tr.
9 (RLIN) 52593
942 ## - ELEMENTOS DE PUNTO DE ACCESO ADICIONAL (KOHA)
Fuente del sistema de clasificación o colocación Dewey Decimal Classification
Tipo de ítem Koha Libro
Existencias
Estado de retiro Estado de pérdida Restricciones de uso No para préstamo Código de colección Localización permanente Ubicación/localización actual Ubicación en estantería Fecha de adquisición Número de inventario Total de préstamos Signatura topográfica completa Código de barras Fecha visto por última vez Precio válido a partir de Tipo de ítem Koha
        Monografías: Libros y Folletos General General En catalogación 22.02.2011 LF1   NNN A896d 25786-10 25.06.2020 25.06.2020 Préstamo en sala

Con tecnología Koha